01150nmm a2200277 a 4500003000900000005001700009008004100026040001300067110004100080245007700121260003200198300004100230500004400271500015900315500005300474500004300527650002200570650002000592650001800612650002100630650002600651651002100677653002500698710004800723711010100771AR-BaBNM20251128204028.0217019s1977 ||||||||||||||000 | spa|| cAR-BaBNM2 aOrganización de Estados Americanos10aEncuentro multinacional sobre construcciones escolares en el medio rural aBuenos AiresbAdegrafc19770 a181 p.btablas, láms., il., diagr.0 aOEA: ORGANIZACION DE ESTADOS AMERICANOS0 aEl objetivo principal de este encuentro se enfoca hacia el conocimiento de la realidad latinoamericana en el campo de las construcciones en el medio rural0 aContiene nómina de participantes del encuentro0 aContiene diseños de escuelas rurales 4aDESERCION ESCOLAR 4aEDUCACION RURAL 4aZONAS RURALES 4aESCUELAS RURALES 4aDISENO ARQUITECTONICO 4aAmérica Latina 0aARQUITECTURA ESCOLAR2 aConsejo Nacional de Educación [Argentina]2 aEncuentro multinacional de técnicos en construcciones escolarescBuenos Aires, Argentinad1976